Process synthesis of optimal and near optimal destillation networks /
Guardado en:
| Otros Autores: | |
|---|---|
| Formato: | Manuscrito |
| Idioma: | English |
| Publicado: |
1987.
|
| Materias: | |
| Etiquetas: |
Agregar Etiqueta
Sin Etiquetas, Sea el primero en etiquetar este registro!
|
| LEADER | 00903ntm a22002535a 4500 | ||
|---|---|---|---|
| 001 | EIQ.libpla002642 | ||
| 008 | 070712s1987####enka#####bm###000#0#eng#d | ||
| 005 | 20070716193219.0 | ||
| 245 | 1 | 0 | |a Process synthesis of optimal and near optimal destillation networks / |c Mahnoosh Shoaei. |
| 260 | |c 1987. | ||
| 300 | |a xix, 447 h. : |b il. ; |c 21 cm. | ||
| 502 | |a Tesis (doctorado)-- Georgia Institute of technology. | ||
| 500 | |a Director de tesis: Dr. D. W. Tedder. | ||
| 504 | |a Incluye referencias bibliográficas. | ||
| 100 | 1 | |a Shoaei, Mahnoosh. |4 dis | |
| 710 | 2 | |a Georgia Institute of technology |4 dgg. | |
| 650 | 4 | |a Procesos |x Tesis. | |
| 650 | 4 | |a Procesos |x Optimización. | |
| 650 | 4 | |a Procesos |x Síntesis. | |
| 650 | 4 | |a Processes |x Thesis. | |
| 650 | 4 | |a Processes |x Synthesis. | |
| 650 | 4 | |a Processes |x Optimization. | |
| 040 | |a AR-BbSID |b spa |c AR-BbSID | ||
| 859 | |a AR-BbSID |b BIB. PLAPIQUI |h 660.281 |i Sh 71 |p 3742 | ||
